000 00796nam a2200217 i 4500
001 23357
003 ES-MaACL
005 20230906152846.0
007 t|
008 021210s1965 sp ||||1| spa d
080 _a348.524.1(04)
100 1 _aAlvarez Arias, Constantino.
_920696
245 1 3 _aLa monición canónica y pastoral
_b: lineas históricas, funciones y sistema en la legislación de la Iglesia /
_cConstantino Alvarez Arias.
260 _aSalamanca :
_b[s.n.,
_c1965] (
_fGráfs. Canales)
300 _aXXXI, 259 p. ;
_c25 cm.
500 _aPrecede al tít.: C.S.I.C. Instituto San Raimundo de Peñafort.
650 4 _aPenas (Derecho canónico)
_9144038
710 0 _aInstituto San Raimundo de Peñafort.
_9180890
852 _aES-MaACL
_jC-29327
_bR.58341
999 _c23357
_d23357